| 000 | 00507nam a2200169Ia 4500 | ||
|---|---|---|---|
| 999 |
_c19961 _d19961 |
||
| 003 | OSt | ||
| 005 | 20200606095035.0 | ||
| 008 | 190216s9999||||xx |||||||||||||| ||und|| | ||
| 020 | _a0333363426 | ||
| 040 | _coclc | ||
| 082 |
_a327.2 _bMOO/T |
||
| 100 |
_aMoore, Robert J _92566 |
||
| 245 | 0 |
_aThird World Diplomats In Dialogue With The First World / _c Robert J Moore |
|
| 260 |
_bThe Macmillan Press Ltd, _c1985. |
||
| 300 | _a179p | ||
| 942 |
_cBK _2ddc _h327.2 _iMOO/T _k327.2 _mMOO/T |
||